[Event "Montreal Fete du travail"]
[Site "Montreal"]
[Date "2007.09.02"]
[Round "4"]
[White "Mercier, Jean Guy"]
[Black "Germain, Max"]
[Result "0-1"]
[WhiteElo "1594"]
[BlackElo "1606"]
[PlyCount "86"]
[EventDate "2007.09.01"]
[EventType "swiss"]
[EventRounds "5"]
[EventCountry "CAN"]
[SourceTitle "EXT 2022"]
[Source "ChessBase"]
[SourceDate "2021.10.06"]
[SourceVersion "1"]
[SourceVersionDate "2021.10.06"]
[SourceQuality "1"]

1. b4 Nf6 2. Bb2 b6 3. c4 Bb7 4. f3 e6 5. b5 c5 6. e4 d5 7. cxd5 exd5 8. exd5 Qe7+ 9. Kf2 Nxd5 10. Bc4 Qh4+ 11. g3 Qxc4 12. Qe1+ Be7 13. Na3 Qd3 14. Bxg7 Rg8 15. Bb2 Rg6 16. Rc1 Re6 17. Qd1 Bf6 18. Bxf6 Rxf6 19. Nc4 Qd4+ 20. Kg2 Nd7 21. Ne2 Qd3 22. Rf1 Qg6 23. Nc3 Nf4+ 24. Kh1 Nd3 25. Rb1 Kf8 26. Rb3 N7e5 27. Nxe5 Nxe5 28. Nb1 Qf5 29. Kg2 Rh6 30. h4 Rd6 31. Nc3 c4 32. Ra3 Rd3 33. Nb1 Rxa3 34. Nxa3 Rd8 35. Nc2 c3 36. d4 Nxf3 37. Rxf3 Bxf3+ 38. Qxf3 Qxc2+ 39. Kh3 Qd2 40. Qf6 Qxd4 41. Qh6+ Kg8 42. Qg5+ Kh8 43. h5 f6 0-1